|
|
|
|
| LEADER |
02897ndm 2200505 i 4500 |
| 001 |
mzk03001281536 |
| 005 |
20230605164501.0 |
| 008 |
230517s1748 xr ms|ff ||| lat d |
| 040 |
|
|
|a BOA001
|b cze
|e rda
|
| 043 |
|
|
|a e-xr---
|b e-xr-cc
|2 czenas
|
| 048 |
|
|
|a vn01
|
| 072 |
|
7 |
|a 783
|x Církevní hudba. Duchovní hudba. Náboženská hudba
|2 czenas
|9 [9]
|
| 080 |
|
|
|a 783.21
|2 MRF
|
| 080 |
|
|
|a 78.087
|2 MRF
|
| 080 |
|
|
|a (0.032)78
|2 MRF
|
| 245 |
0 |
0 |
|a Missae unius vocis
|
| 264 |
|
0 |
|a [Dačice?],
|c [1748?]
|
| 300 |
|
|
|a 2 nečíslované strany, 1-100, stran, 1 nečíslovaná strana, 20-1000 stran, to je 102-200 stran;
|c 31,3 x 24,5 cm
|
| 336 |
|
|
|a zápis hudby
|b ntm
|2 rdacontent
|
| 337 |
|
|
|a bez média
|b n
|2 rdamedia
|
| 338 |
|
|
|a svazek
|b nc
|2 rdacarrier
|
| 382 |
|
|
|a zpěv
|n 1
|s 1
|
| 500 |
|
|
|a Zpěvní hlas ze souboru hlasů uloženého pod signaturami D-0000.104 až D-0000.105
|
| 500 |
|
|
|a Původní paginace správně do strany 100, dále strany označeny po desítkách ([110], 120, 130 atd.), proto je v této části (od strany [101]) místy doplněna moderní paginace tužkou
|
| 500 |
|
|
|a Za stranu 820 (správně 182) vevázán list s doplňky
|
| 500 |
|
|
|a Na straně [2] podpis: Conscripsit P. Faustinus Kordik, indignus Franciscanus
|
| 500 |
|
|
|a Na straně [101] začíná část mší „Longiores“
|
| 500 |
|
|
|a Datace podle V. Dokoupila, který vychází z údaje ve svazku s varhanním hlasem (signatura D-0000.105) na straně 275 u mše číslo X: Describtae[!] anno 1748. 28. Augusti in festo S. Augustini in administratura ad R. V. ... D. Wenceslaui Mertel Hosticii administri ad officium, quo tempore eram [Faustin Kordik] apud illustrissimum dominum [Franciscum Wenceslaum] Millesimo Comitem de Semil in Monticu[lo?] in istis duabus domunculis ligneis
|
| 500 |
|
|
|a Notace: moderní
|
| 500 |
|
|
|a Název doplněn podle soupisu V. Dokoupila
|
| 510 |
4 |
|
|a Dokoupil, V. - Bar, P. Soupis rukopisů dačických františkánů,
|c s. 116-117
|
| 563 |
|
|
|a Původní kožená vazba, dřevěné desky potažené hnědou usní a zpevněné přidanými pruhy usně, usňové tkanice. Na přední desce rukopisný název
|
| 590 |
|
|
|a Místy pokročilá koroze železoduběnkového inkoustu
|
| 655 |
|
7 |
|a mše (hudba)
|7 fd979826
|2 czenas
|
| 655 |
|
7 |
|a hlasy
|7 fd186703
|2 czenas
|
| 655 |
|
7 |
|a hudební rukopisy
|7 fd278469
|2 czenas
|
| 700 |
1 |
|
|a Kordik, Faustinus,
|d -1787
|4 scr
|
| 710 |
2 |
|
|a Klášter františkánů (Dačice, Česko)
|7 ko2012680614
|4 own
|
| 856 |
4 |
1 |
|u http://www.digitalniknihovna.cz/mzk/view/uuid:b7ab8624-18df-4446-a44e-8a36aa1ffab3
|y Digitalizovaný dokument
|
| 910 |
|
|
|a SVE951
|b D-0000.104
|
| 982 |
2 |
|
|a Klášter františkánů (Dačice, Česko)
|7 ko2012680614
|
| 985 |
|
|
|a 1701-1750
|
| 990 |
|
|
|a MU
|
| 991 |
|
|
|k dacice
|
| 996 |
6 |
|
|b 4584203154
|c D-0000.104
|l stud. ST
|r Sklad / do násl. otevíracího dne
|n 0
|w 001928030
|u 000010
|a 1
|e BOA001
|s P
|